| 000 | 00774nam a2200253Ia 4500 | ||
|---|---|---|---|
| 003 | OSt | ||
| 005 | 20220918222313.0 | ||
| 006 | a|||||r|||| 00| 0 | ||
| 007 | ta | ||
| 008 | 220917b |||||||| |||| 00| 0 eng d | ||
| 024 | _a216,377 | ||
| 037 | _cTextual | ||
| 040 |
_aARTS _cARTS _beng |
||
| 041 |
_2eng _aeng |
||
| 082 | _aNQ44, P3(TTW) | ||
| 100 |
_aRamaswamy Sumathi Ed. _9142754 |
||
| 245 | 0 | _aBeyond Appearances? Visual practices and ideologies in modern India | |
| 260 |
_aNew Delhi _bSage publications India _c2003 |
||
| 300 |
_axxix, 412p+10plates _ccm. |
||
| 490 | _aContributions to Indian sociology-occasional studies 10 | ||
| 650 | _aARTS | ||
| 942 |
_hNQ44, P3(TTW) _cTEXL _2CC |
||
| 999 |
_c275118 _d275118 |
||